Join me in Death - HIM all lyrics - Statistics

General Stats
  • This quiz has been taken 46 times
  • The average score is 192 of 215
Answer Stats
Answer % Correct
death
100%
die
100%
die?
100%
in
100%
join
100%
Join
100%
me
100%
you
100%
a
96%
for
96%
For
96%
Baby
93%
love?
93%
so
93%
So
93%
to
93%
tonight
93%
We
93%
we
93%
And
89%
are
89%
be
89%
this
89%
This
89%
begun
85%
just
85%
Our
85%
have
81%
lives
81%
young
81%
But
78%
life
78%
moment
78%
We're
78%
we're
78%
ain't
74%
already
74%
Escape
74%
from
74%
livin'
74%
long
74%
Won't
74%
won't
74%
world
74%
worth
74%
anxious
70%
come
70%
considering
70%
is
70%
together
70%
Together
70%
waited
70%
we've
70%
it
63%
place
63%
us
63%
with
63%
apart
59%
cruel
59%
Let
59%
tears
59%
before
56%
bless
56%
only
56%
here
48%
lose
48%
No matching quizzes found
Score Distribution
Percent of People with Each Score
Percentile by Number Answered
Your Score History
You have not taken this quiz